Global wage report 2024-25 (Registro nro. 53614)
[ vista simple ]
| 000 -CABECERA | |
|---|---|
| Longitud fija campo de control | 02041nam a2200433 c 4500 |
| 001 - NÚMERO DE CONTROL | |
| Número de control | 53614 |
| 003 - IDENTIFICADOR DE NÚMERO DE CONTROL | |
| Identificador del número de control | ES-MaCES |
| 005 - FECHA Y HORA DE LA ÚLTIMA TRANSACCIÓN | |
| Fecha y hora de la última transacción | 20250822114317.0 |
| 007 - PHYSICAL DESCRIPTION FIXED FIELD--GENERAL INFORMAT | |
| Campo fijo de descripción física | cr ||||||||||| |
| 008 - CAMPO FIJO DE DESCRIPCIÓN FIJA--INFORMACIÓN GENERAL | |
| Códigos de información de longitud fija | 250310s2024 sz r i000 | spa d |
| 020 ## - ISBN (INTERNATIONAL STANDARD BOOK NUMBER) | |
| Número Internacional Normalizado para Libros (ISBN) | 9789220409770 (web pdf) |
| 040 ## - FUENTE DE CATALOGACIÓN | |
| Centro catalogador de origen | ES-MaCES |
| Lengua de catalogación | spa |
| Centro transcriptor | ES-MaCES |
| 245 00 - MENCIÓN DE TÍTULO | |
| Título | Global wage report 2024-25 |
| Medio | Recurso electrónico |
| Resto del título | : is wage inequality decreasing globally? |
| Mención de responsabilidad, etc. | International Labour Organization |
| 250 ## - MENCIÓN DE EDICIÓN | |
| Mención de edición | 1ª st |
| 260 ## - PUBLICACIÓN, DISTRIBUCIÓN, ETC (PIE DE IMPRENTA) | |
| Lugar de publicación, distribución, etc. | Geneva |
| Nombre del editor, distribuidor, etc. | ILO |
| Fecha de publicación, distribución, etc. | 2024 |
| 300 ## - DESCRIPCIÓN FÍSICA | |
| Extensión | 2 documentos pdf (9,00 mb , 1,27 mb) |
| 500 ## - NOTA GENERAL | |
| Nota general | Publ. simultáneamente en francés y español bajo los tits. respectivamente: Rapport mondial sur les salaires 2024–25: vers une baisse des inégalités salariales au niveau mondial? ; Informe mundial sobre salarios 2024-25: ¿está disminuyendo la desigualdad salarial en el mundo? |
| 541 ## - NOTA DE LA FUENTE INMEDIANTE DE ADQUISICIÓN | |
| Forma de adquisición | Gratuito |
| 650 #4 - ASIENTO SECUNDARIO DE MATERIA--TÉRMINO DE MATERIA | |
| Término de materia o nombre geográfico como elemento inicial | salario |
| 9 (RLIN) | 28387 |
| 650 #4 - ASIENTO SECUNDARIO DE MATERIA--TÉRMINO DE MATERIA | |
| Término de materia o nombre geográfico como elemento inicial | diferencia del salario |
| 9 (RLIN) | 29458 |
| 650 #4 - ASIENTO SECUNDARIO DE MATERIA--TÉRMINO DE MATERIA | |
| Término de materia o nombre geográfico como elemento inicial | distribución del ingreso |
| 9 (RLIN) | 27109 |
| 650 #4 - ASIENTO SECUNDARIO DE MATERIA--TÉRMINO DE MATERIA | |
| Término de materia o nombre geográfico como elemento inicial | globalización económica |
| 9 (RLIN) | 30653 |
| 650 #4 - ASIENTO SECUNDARIO DE MATERIA--TÉRMINO DE MATERIA | |
| Término de materia o nombre geográfico como elemento inicial | mercado de trabajo |
| 9 (RLIN) | 28292 |
| 650 #4 - ASIENTO SECUNDARIO DE MATERIA--TÉRMINO DE MATERIA | |
| Término de materia o nombre geográfico como elemento inicial | evaluación del impacto |
| 9 (RLIN) | 30732 |
| 650 #4 - ASIENTO SECUNDARIO DE MATERIA--TÉRMINO DE MATERIA | |
| Término de materia o nombre geográfico como elemento inicial | país desarrollado |
| 9 (RLIN) | 27091 |
| 650 #4 - ASIENTO SECUNDARIO DE MATERIA--TÉRMINO DE MATERIA | |
| Término de materia o nombre geográfico como elemento inicial | país en desarrollo |
| 9 (RLIN) | 27092 |
| 650 #4 - ASIENTO SECUNDARIO DE MATERIA--TÉRMINO DE MATERIA | |
| Término de materia o nombre geográfico como elemento inicial | 2024-2025 |
| 9 (RLIN) | 41117 |
| 650 #4 - ASIENTO SECUNDARIO DE MATERIA--TÉRMINO DE MATERIA | |
| Término de materia o nombre geográfico como elemento inicial | informe |
| 9 (RLIN) | 28986 |
| 653 10 - TÉRMINO DE INDEXACIÓN--NO CONTROLADO | |
| Término no controlado | Relaciones laborales-Empleo |
| 710 2# - ENCABEZAMIENTO SECUNDARIO--NOMBRE CORPORATIVO | |
| 9 (RLIN) | 4718 |
| Nombre de entidad o nombre de jurisdicción como elemento inicial | Organización Internacional del Trabajo |
| Término indicativo de función | ed. |
| 740 02 - ENCABEZAMIENTO SECUNDARIO--TÍTULO ANALÍTICO/RELACIONADO NO CONTROLADO | |
| Título relacionado o analítico no controlado | Rapport mondial sur les salaires 2024–25: vers une baisse des inégalités salariales au niveau mondial? |
| 740 02 - ENCABEZAMIENTO SECUNDARIO--TÍTULO ANALÍTICO/RELACIONADO NO CONTROLADO | |
| Título relacionado o analítico no controlado | Informe mundial sobre salarios 2024-25, ¿está disminuyendo la desigualdad salarial en el mundo? |
| 775 0# - ENTRADA DE OTRA EDICIÓN | |
| Título | Informe mundial sobre salarios 2022-2023 |
| Número de control del registro relacionado | (ES-MaCES)53299 |
| 856 4# - ACCESO ELECTRÓNICO | |
| Identificador Uniforme del Recurso (URI) | http://biblioteca.ces.es/repintra/B53614.pdf |
| Texto del enlace | texto completo |
| Nota pública | [intranet] |
| 856 4# - ACCESO ELECTRÓNICO | |
| Identificador Uniforme del Recurso (URI) | http://biblioteca.ces.es/repintra/B53614 (res. spa).pdf |
| Texto del enlace | res. spa |
| Nota pública | [intranet] |
| 856 4# - ACCESO ELECTRÓNICO | |
| Identificador Uniforme del Recurso (URI) | https://doi.org/10.54394/CJQU6666 |
| Texto del enlace | https://doi.org/10.54394/CJQU6666 |
| 902 ## - CES. TIPO DE DOCUMENTO | |
| Tipodoc (006$c Sirtex) | ELE PUB. ELECTRONICA |
| 942 ## - ELEMENTOS KOHA | |
| Fuente de clasificaión o esquema | Clasificación propia del CES |
| Koha [por defecto] tipo de item | Monografías |
| Parte de clasificación | Relaciones Laborales y Rel. Lab.- Empleo |
No hay ítems disponibles.
